[Event "CAN-op"]
[Site "Edmonton CAN"]
[Date "2009.07.17"]
[Round "7.28"]
[White "Davies, Lucas"]
[Black "Oussedik, Elias"]
[Result "1-0"]
[WhiteElo "2244"]
[BlackElo "2052"]
[PlyCount "67"]
[GameId "2160767910156227"]
[EventDate "2009.07.11"]
[EventType "swiss"]
[EventRounds "9"]
[EventCountry "CAN"]
[SourceTitle "EXT 2022"]
[Source "ChessBase"]
[SourceDate "2021.10.06"]
[SourceVersion "1"]
[SourceVersionDate "2021.10.06"]
[SourceQuality "1"]

1. e4 e6 2. d4 d5 3. Nd2 Nf6 4. e5 Nfd7 5. Bd3 c5 6. c3 Nc6 7. Ne2 cxd4 8. cxd4 f6 9. exf6 Nxf6 10. O-O Bd6 11. Nf3 Qc7 12. g3 O-O 13. Bf4 e5 14. dxe5 Nxe5 15. Nfd4 Qf7 16. Bf5 Qh5 17. Bxc8 Raxc8 18. Qb3 Qh3 19. f3 b6 20. Kh1 Rc4 21. g4 Nfd7 22. Nf5 Bc5 23. Rad1 Kh8 24. Bg3 g6 25. Nf4 Rxf4 26. Bxf4 gxf5 27. Qxd5 Re8 28. Rfe1 Bd6 29. Re3 Bb8 30. Bg3 Qh6 31. f4 Re6 32. fxe5 Qxe3 33. Qxd7 Qf3+ 34. Kg1 1-0

[Event "CAN-op"]
[Site "Edmonton CAN"]
[Date "2009.07.17"]
[Round "7.31"]
[White "Arfin, Sam"]
[Black "Hambleton, Aman"]
[Result "0-1"]
[WhiteElo "1916"]
[BlackElo "2206"]
[PlyCount "30"]
[GameId "2160767910156228"]
[EventDate "2009.07.11"]
[EventType "swiss"]
[EventRounds "9"]
[EventCountry "CAN"]

1. e4 e6 2. d4 d5 3. exd5 exd5 4. Bd3 Nc6 5. c3 Bd6 6. Nf3 Bg4 7. Nbd2 Nge7 8. O-O Qd7 9. Re1 O-O-O 10. b4 Rde8 11. a4 Ng6 12. Nb3 Rxe1+ 13. Qxe1 Bxf3 14. gxf3 Qh3 15. f4 Nh4 0-1

[Event "CAN-op"]
[Site "Edmonton CAN"]
[Date "2009.07.17"]
[Round "7.33"]
[White "Kaptsan, Aron"]
[Black "Longo, Tyler"]
[Result "1-0"]
[WhiteElo "2027"]
[BlackElo "1992"]
[PlyCount "47"]
[GameId "2160767910156229"]
[EventDate "2009.07.11"]
[EventType "swiss"]
[EventRounds "9"]
[EventCountry "CAN"]

1. d4 d5 2. c4 dxc4 3. e4 e5 4. d5 Bc5 5. Bxc4 c6 6. Nf3 Qb6 7. O-O Nf6 8. Nc3 Qc7 9. Bg5 Be7 10. Rc1 O-O 11. Qe2 Bg4 12. h3 Bh5 13. Rfd1 Rd8 14. Bb3 a6 15. g4 Bg6 16. Nh4 Rd6 17. Nf5 Bxf5 18. exf5 Rd8 19. Bxf6 Bxf6 20. Ne4 Be7 21. g5 g6 22. Qf3 Bf8 23. fxg6 hxg6 24. d6 1-0

[Event "CAN-op"]
[Site "Edmonton CAN"]
[Date "2009.07.17"]
[Round "7.35"]
[White "Farine, Jonathan"]
[Black "Van Heirzeele, Daniel"]
[Result "1/2-1/2"]
[WhiteElo "1894"]
[BlackElo "2137"]
[PlyCount "25"]
[GameId "2160767910156230"]
[EventDate "2009.07.11"]
[EventType "swiss"]
[EventRounds "9"]
[EventCountry "CAN"]

1. e4 c5 2. Nc3 e6 3. Nf3 a6 4. d4 b5 5. Be3 cxd4 6. Nxd4 Bb7 7. Bd3 Nc6 8. O-O Qc7 9. Re1 Nf6 10. a3 h5 11. h3 Bd6 12. Nb3 Ne5 13. Bd4 1/2-1/2

[Event "CAN-op"]
[Site "Edmonton CAN"]
[Date "2009.07.17"]
[Round "7.37"]
[White "Motuz, Vitaly"]
[Black "Sali, Zulfikar"]
[Result "1-0"]
[WhiteElo "1905"]
[BlackElo "2126"]
[PlyCount "74"]
[GameId "2160767910156231"]
[EventDate "2009.07.11"]
[EventType "swiss"]
[EventRounds "9"]
[EventCountry "CAN"]

1. e4 c5 2. d4 cxd4 3. c3 dxc3 4. Nxc3 Nc6 5. Nf3 e6 6. Bc4 a6 7. O-O d6 8. Qe2 Nf6 9. Rd1 Bd7 10. Bf4 Rc8 11. Bxd6 Bxd6 12. Rxd6 Na5 13. Bb3 Nxb3 14. axb3 Qc7 15. Rad1 Bc6 16. R6d2 O-O 17. Nd4 Rfd8 18. e5 Nd5 19. Nxc6 Qxc6 20. Ne4 Qb6 21. Nd6 Rc7 22. Qf3 h6 23. h4 Qb4 24. Rd4 Qb6 25. h5 Rdd7 26. Rg4 Rc2 27. Qg3 f5 28. Rg6 f4 29. Qf3 Re7 30. Nf5 Qc7 31. Nxh6+ Kh8 32. Nf5 exf5 33. Rxd5 Rxe5 34. h6 Rc1+ 35. Rd1 Rxd1+ 36. Qxd1 Qe7 37. hxg7+ Kg8 1-0

[Event "CAN-op"]
[Site "Edmonton CAN"]
[Date "2009.07.17"]
[Round "7.40"]
[White "Gluckie, Jamin"]
[Black "Kagramanov, Dalia"]
[Result "1/2-1/2"]
[WhiteElo "2089"]
[BlackElo "1941"]
[PlyCount "79"]
[GameId "2160767910156232"]
[EventDate "2009.07.11"]
[EventType "swiss"]
[EventRounds "9"]
[EventCountry "CAN"]

1. d4 Nf6 2. c4 g6 3. f3 d5 4. cxd5 Nxd5 5. e4 Nb6 6. Nc3 Bg7 7. Be3 O-O 8. Qd2 Nc6 9. O-O-O f5 10. h4 fxe4 11. h5 gxh5 12. d5 Ne5 13. Bh6 Rf7 14. Bxg7 Rxg7 15. fxe4 Bg4 16. Re1 Qd6 17. Qd4 c5 18. Qe3 Nbc4 19. Bxc4 Nxc4 20. Qd3 Ne5 21. Qd2 c4 22. Rf1 Rf8 23. Rxf8+ Kxf8 24. Nge2 Nd3+ 25. Kb1 Rf7 26. Nd1 Qe5 27. Qe3 Rf6 28. Nc1 Nxc1 29. Kxc1 Bxd1 30. Rxd1 Qf4 31. Kd2 Qf2+ 32. Qe2 Rf4 33. Re1 Qd4+ 34. Kc1 Kg8 35. Qxh5 Rf2 36. Qe8+ Kg7 37. Qxe7+ Kg8 38. Qe8+ Kg7 39. Qe7+ Kg8 40. Qe8+ 1/2-1/2

[Event "CAN-op"]
[Site "Edmonton CAN"]
[Date "2009.07.17"]
[Round "7.42"]
[White "Nguyen, Kim"]
[Black "Ritchie, Gordon"]
[Result "1-0"]
[WhiteElo "2140"]
[BlackElo "1870"]
[PlyCount "77"]
[GameId "2160767910156233"]
[EventDate "2009.07.11"]
[EventType "swiss"]
[EventRounds "9"]
[EventCountry "CAN"]
[SourceTitle "EXT 2022"]
[Source "ChessBase"]
[SourceDate "2021.10.06"]
[SourceVersion "1"]
[SourceVersionDate "2021.10.06"]
[SourceQuality "1"]

1. e4 d5 2. exd5 Qxd5 3. Nc3 Qd6 4. d4 Nf6 5. Bd3 a6 6. Nge2 b5 7. Bf4 Qb6 8. O-O Bb7 9. f3 e6 10. Kh1 Nbd7 11. a4 b4 12. a5 Qa7 13. Na4 Nd5 14. Bd2 Bd6 15. c4 bxc3 16. bxc3 O-O 17. c4 N5f6 18. Qc2 c5 19. Bc3 h6 20. Rab1 Bc6 21. Nb6 Rab8 22. Nxd7 Nxd7 23. Rbd1 Qb7 24. Qd2 Qc7 25. h3 Be7 26. Bc2 Bf6 27. Qd3 g6 28. Bd2 Bg7 29. Bf4 e5 30. dxe5 Nxe5 31. Qe3 Qe7 32. Bxh6 Bxh6 33. Qxh6 Rb2 34. Rd2 Qf6 35. Ng3 Nxc4 36. Re2 Nxa5 37. Nf5 Re8 38. Rxe8+ Bxe8 39. Re1 1-0

[Event "CAN-op"]
[Site "Edmonton CAN"]
[Date "2009.07.17"]
[Round "7.44"]
[White "Willis, Bradley"]
[Black "Chaisson, Terry"]
[Result "1-0"]
[WhiteElo "2072"]
[BlackElo "1823"]
[PlyCount "79"]
[GameId "2160767910156234"]
[EventDate "2009.07.11"]
[EventType "swiss"]
[EventRounds "9"]
[EventCountry "CAN"]
[SourceTitle "EXT 2022"]
[Source "ChessBase"]
[SourceDate "2021.10.06"]
[SourceVersion "1"]
[SourceVersionDate "2021.10.06"]
[SourceQuality "1"]

1. d4 Nf6 2. Nf3 g6 3. Nc3 Bg7 4. e4 d6 5. h3 a6 6. Be3 Nbd7 7. Qd2 e5 8. dxe5 Nxe5 9. Nxe5 dxe5 10. Qxd8+ Kxd8 11. Bc4 Be6 12. Bxe6 fxe6 13. g4 b6 14. Bg5 Ke7 15. O-O-O Rad8 16. Rxd8 Rxd8 17. f4 h6 18. Bh4 g5 19. fxg5 Nh7 20. gxh6+ Bf6 21. Bxf6+ Kxf6 22. h4 Rd4 23. g5+ Kg6 24. Rg1 Rd8 25. Ne2 Rg8 26. Ng3 Rf8 27. Rf1 Rg8 28. Kd2 Rd8+ 29. Ke3 Rh8 30. Kf3 Nxg5+ 31. hxg5 Kxg5 32. Rh1 Rh7 33. Rh5+ Kf6 34. Kg4 c6 35. Nf1 b5 36. b4 Kg6 37. Rxe5 Rf7 38. Rxe6+ Kh7 39. Ne3 Rc7 40. Nf5 1-0

[Event "CAN-op"]
[Site "Edmonton CAN"]
[Date "2009.07.17"]
[Round "7.49"]
[White "Zeggelaar, Mike"]
[Black "Daniluk, Jim"]
[Result "1/2-1/2"]
[WhiteElo "1810"]
[BlackElo "2005"]
[PlyCount "37"]
[GameId "2160767910156235"]
[EventDate "2009.07.11"]
[EventType "swiss"]
[EventRounds "9"]
[EventCountry "CAN"]

1. e4 c5 2. Nc3 Nc6 3. g3 g6 4. Bg2 Bg7 5. d3 d6 6. Nge2 e6 7. O-O Nge7 8. Be3 Nd4 9. Qd2 Nec6 10. h3 f5 11. Bh6 O-O 12. Bxg7 Kxg7 13. Nxd4 cxd4 14. Ne2 e5 15. f4 Qb6 16. exf5 Bxf5 17. g4 Bd7 18. f5 Qd8 19. Ng3 1/2-1/2

[Event "CAN-op"]
[Site "Edmonton CAN"]
[Date "2009.07.17"]
[Round "7.79"]
[White "McCleary, Reuben"]
[Black "Achtemichuk, Chris"]
[Result "0-1"]
[WhiteElo "1508"]
[BlackElo "1676"]
[PlyCount "86"]
[GameId "2160767910156237"]
[EventDate "2009.07.11"]
[EventType "swiss"]
[EventRounds "9"]
[EventCountry "CAN"]

1. e4 c5 2. c3 g6 3. d4 Bg7 4. Nf3 cxd4 5. cxd4 d6 6. Nc3 Nf6 7. Be2 O-O 8. O-O Nc6 9. Re1 a6 10. d5 Nb8 11. Be3 Nbd7 12. h3 b5 13. Nd4 Qe8 14. a3 Bb7 15. f4 e6 16. Bf3 Nb6 17. Nxe6 fxe6 18. Bxb6 exd5 19. exd5 Qf7 20. Rc1 Rfe8 21. Qd2 Rxe1+ 22. Rxe1 Re8 23. Rxe8+ Qxe8 24. Qe3 Qxe3+ 25. Bxe3 Nd7 26. Bg4 Nf6 27. Be6+ Kf8 28. Kf2 Ke7 29. Bb6 Nd7 30. Be3 Nc5 31. Bxc5 dxc5 32. Ne4 Bxb2 33. d6+ Kxe6 34. Nxc5+ Kxd6 35. Nxb7+ Kd5 36. Ke2 Bxa3 37. Kd3 Bc1 38. g3 h5 39. Ke2 h4 40. Kf3 hxg3 41. Kxg3 Be3 42. Kf3 Bb6 43. Ke2 Kc6 0-1

[Event "CAN-op"]
[Site "Edmonton CAN"]
[Date "2009.07.17"]
[Round "7.86"]
[White "Huang, Zhonglin"]
[Black "Quiring, John"]
[Result "1-0"]
[WhiteElo "1515"]
[BlackElo "1846"]
[PlyCount "87"]
[GameId "2160767910156238"]
[EventDate "2009.07.11"]
[EventType "swiss"]
[EventRounds "9"]
[EventCountry "CAN"]
[SourceTitle "EXT 2022"]
[Source "ChessBase"]
[SourceDate "2021.10.06"]
[SourceVersion "1"]
[SourceVersionDate "2021.10.06"]
[SourceQuality "1"]

1. e4 e5 2. Nf3 Nc6 3. Bb5 a6 4. Ba4 Be7 5. O-O b5 6. Bb3 Nf6 7. Re1 O-O 8. d4 d6 9. h3 h6 10. Nc3 Re8 11. dxe5 Nxe5 12. Nxe5 dxe5 13. Nd5 Bb7 14. f3 c5 15. c4 b4 16. Ba4 Rf8 17. Be3 Qd6 18. Qe2 Rac8 19. Red1 Nxd5 20. cxd5 Rfd8 21. Qc4 a5 22. Rac1 Bg5 23. Bxg5 hxg5 24. Rc2 Qb6 25. Bb5 Rd6 26. b3 a4 27. Rdc1 axb3 28. axb3 Qa7 29. Ba4 Qb6 30. Qb5 Qa7 31. Rxc5 Ra6 32. Kh2 Rxc5 33. Qxc5 Qxc5 34. Rxc5 Rb6 35. Rb5 Rxb5 36. Bxb5 Kf8 37. Kg3 Bc8 38. h4 gxh4+ 39. Kxh4 Ke7 40. g3 f5 41. Kg5 fxe4 42. fxe4 Kf7 43. Bc6 Ba6 44. d6 1-0

[Event "CAN-op"]
[Site "Edmonton CAN"]
[Date "2009.07.18"]
[Round "8"]
[White "Bradford, Joseph M"]
[Black "Plotkin, Victor"]
[Result "0-1"]
[WhiteElo "2409"]
[BlackElo "2215"]
[PlyCount "78"]
[GameId "2160767910156239"]
[EventDate "2009.07.11"]
[EventType "swiss"]
[EventRounds "9"]
[EventCountry "CAN"]
[SourceTitle "CBM 132 Extra"]
[Source "ChessBase"]
[SourceDate "2009.11.03"]
[SourceVersion "1"]
[SourceVersionDate "2009.11.03"]
[SourceQuality "1"]

1. Nf3 Nf6 2. c4 c5 3. g3 Nc6 4. Bg2 g6 5. O-O Bg7 6. Nc3 O-O 7. d4 cxd4 8. Nxd4 a6 9. h3 Qc7 10. Be3 Nxd4 11. Qxd4 d6 12. Rac1 Bf5 13. Qh4 Qa5 14. b3 Rab8 15. Rfd1 Rfe8 16. Ba7 Rbc8 17. g4 Be6 18. Bd4 b5 19. cxb5 axb5 20. Qg5 Bd7 21. Qd2 b4 22. Nb1 h5 23. f3 Be6 24. g5 Nd5 25. f4 Nc3 26. Bxg7 Nxd1 27. Bd4 Rxc1 28. Qxc1 Nc3 29. Nxc3 bxc3 30. Qxc3 Qxc3 31. Bxc3 Rc8 32. Bd4 Rc2 33. a4 Bxb3 34. a5 Ra2 35. Bb6 Bc4 36. e3 Kf8 37. Bc6 e6 38. e4 d5 39. e5 Ba6 0-1

[Event "CAN-op"]
[Site "Edmonton CAN"]
[Date "2009.07.18"]
[Round "8"]
[White "Haessel, Dale"]
[Black "Tang, Edward"]
[Result "1-0"]
[WhiteElo "2204"]
[BlackElo "1999"]
[PlyCount "97"]
[GameId "2160767910156240"]
[EventDate "2009.07.11"]
[EventType "swiss"]
[EventRounds "9"]
[EventCountry "CAN"]
[SourceTitle "CBM 132 Extra"]
[Source "ChessBase"]
[SourceDate "2009.11.03"]
[SourceVersion "1"]
[SourceVersionDate "2009.11.03"]
[SourceQuality "1"]

1. d4 Nf6 2. Nf3 e6 3. c4 d5 4. Bg5 Be7 5. e3 O-O 6. Nc3 h6 7. Bh4 b6 8. Rc1 Bb7 9. Be2 Nbd7 10. O-O c5 11. Bg3 a6 12. a4 cxd4 13. Nxd4 Nc5 14. cxd5 Nxd5 15. Nxd5 Bxd5 16. b4 Nd7 17. Bc7 Qe8 18. b5 a5 19. Bf3 Bxf3 20. Qxf3 Bc5 21. Nc6 Kh8 22. Rfd1 Rc8 23. Qg3 Nf6 24. Be5 Rg8 25. Qf4 Be7 26. h3 Kh7 27. e4 Nd7 28. Nxe7 Qxe7 29. Bd6 Qf6 30. Qe3 Qg5 31. f4 Qd8 32. e5 g6 33. Kh2 Re8 34. Qf3 Rg8 35. Rc6 Qe8 36. Rdc1 Nc5 37. Bxc5 Rxc6 38. bxc6 bxc5 39. Rxc5 Qa8 40. Qc3 Rc8 41. c7 Qa7 42. h4 h5 43. Kg3 Kg8 44. Rc6 Kf8 45. Kf3 Qg1 46. Qc5+ Qxc5 47. Rxc5 Ke7 48. Ke4 Kd7 49. Kd4 1-0

[Event "CAN-op"]
[Site "Edmonton CAN"]
[Date "2009.07.18"]
[Round "8"]
[White "Pradzinski, Tim"]
[Black "Haley, Phil"]
[Result "0-1"]
[WhiteElo "1969"]
[BlackElo "1715"]
[PlyCount "86"]
[GameId "2160767910156242"]
[EventDate "2009.07.11"]
[EventType "swiss"]
[EventRounds "9"]
[EventCountry "CAN"]
[SourceTitle "CBM 132 Extra"]
[Source "ChessBase"]
[SourceDate "2009.11.03"]
[SourceVersion "1"]
[SourceVersionDate "2009.11.03"]
[SourceQuality "1"]

1. e4 e6 2. d4 d5 3. exd5 exd5 4. Nc3 Nf6 5. Be3 Bd6 6. Bd3 c6 7. Nf3 O-O 8. h3 Re8 9. a3 Qc7 10. Qd2 Nbd7 11. O-O Ne4 12. Bxe4 dxe4 13. Nh4 Nf6 14. Qe2 Bd7 15. f4 Qd8 16. Qf2 Be7 17. g4 Nxg4 18. hxg4 Bxh4 19. Qg2 Be7 20. Kf2 f5 21. g5 g6 22. Rh1 Bf8 23. Qh3 Re7 24. d5 Rg7 25. Bd4 Qe7 26. Rae1 Rf7 27. b4 Rc8 28. Bxa7 Qd6 29. Qe3 cxd5 30. Bc5 Qc6 31. Bd4 Bg7 32. Ne2 Bxd4 33. Nxd4 Qc3 34. Rh3 Qxe3+ 35. Rhxe3 Ba4 36. c3 Rfc7 37. Rc1 Rc4 38. Ne2 d4 39. Rh3 d3 40. Ng3 Rxc3 41. Rxc3 Rxc3 42. Ke3 Rxa3 43. Kd2 Ra2+ 0-1

[Event "CAN-op"]
[Site "Edmonton CAN"]
[Date "2009.07.18"]
[Round "8"]
[White "Sali, Zulfikar"]
[Black "Zeggelaar, Mike"]
[Result "1-0"]
[WhiteElo "2126"]
[BlackElo "1810"]
[PlyCount "41"]
[GameId "2160767910156243"]
[EventDate "2009.07.11"]
[EventType "swiss"]
[EventRounds "9"]
[EventCountry "CAN"]
[SourceTitle "CBM 132 Extra"]
[Source "ChessBase"]
[SourceDate "2009.11.03"]
[SourceVersion "1"]
[SourceVersionDate "2009.11.03"]
[SourceQuality "1"]

1. e4 e6 2. d4 d5 3. Nc3 Nc6 4. Nf3 Nf6 5. e5 Ne4 6. Ne2 f6 7. Nf4 Bb4+ 8. c3 Nxc3 9. bxc3 Bxc3+ 10. Bd2 Bxa1 11. Qxa1 fxe5 12. dxe5 O-O 13. Bd3 Ne7 14. Ng5 c5 15. Bxh7+ Kh8 16. Qd1 g6 17. Nxg6+ Nxg6 18. Bxg6 Kg7 19. Qh5 Rh8 20. Nh7 Qe7 21. Bh6+ 1-0

[Event "CAN-op"]
[Site "Edmonton CAN"]
[Date "2009.07.18"]
[Round "8"]
[White "Shah, Omar"]
[Black "MacKinnon, Keith"]
[Result "0-1"]
[WhiteElo "1883"]
[BlackElo "2148"]
[PlyCount "36"]
[GameId "2160767910156244"]
[EventDate "2009.07.11"]
[EventType "swiss"]
[EventRounds "9"]
[EventCountry "CAN"]
[SourceTitle "CBM 132 Extra"]
[Source "ChessBase"]
[SourceDate "2009.11.03"]
[SourceVersion "1"]
[SourceVersionDate "2009.11.03"]
[SourceQuality "1"]

1. b3 e5 2. Bb2 Nc6 3. c4 g6 4. Nf3 Bg7 5. e3 Nge7 6. d3 O-O 7. Be2 e4 8. Nd4 exd3 9. Qxd3 Ne5 10. Qc2 d5 11. Nf3 N7c6 12. Nxe5 Nxe5 13. cxd5 Qxd5 14. O-O Bf5 15. Qc1 Rad8 16. Rd1 Qxd1+ 17. Qxd1 Rxd1+ 18. Bxd1 Nf3+ 0-1

[Event "CAN-op"]
[Site "Edmonton CAN"]
[Date "2009.07.18"]
[Round "8.1"]
[White "Bluvshtein, Mark"]
[Black "Shirov, Alexei"]
[Result "1/2-1/2"]
[WhiteElo "2598"]
[BlackElo "2748"]
[PlyCount "77"]
[GameId "2160767910156245"]
[EventDate "2009.07.11"]
[EventType "swiss"]
[EventRounds "9"]
[EventCountry "CAN"]

1. d4 Nf6 2. c4 e6 3. Nc3 Bb4 4. e3 O-O 5. Nge2 d5 6. a3 Be7 7. Nf4 c6 8. Bd3 Nbd7 9. cxd5 cxd5 10. Qf3 a6 11. g4 e5 12. Nfxd5 exd4 13. exd4 Nxd5 14. Qxd5 Nb6 15. Qxd8 Rxd8 16. Be2 Bf6 17. Be3 Bxd4 18. Rd1 Bxc3+ 19. bxc3 Rxd1+ 20. Kxd1 Nd5 21. Bd4 Bd7 22. Kd2 Bc6 23. Re1 Re8 24. Bc4 Rxe1 25. Kxe1 f6 26. f3 Kf7 27. h4 g6 28. Kf2 f5 29. Kg3 Ke6 30. Bb3 b5 31. c4 bxc4 32. Bxc4 Bb5 33. Bb3 fxg4 34. Kxg4 Be2 35. Bc2 Ne7 36. Be4 Nf5 37. Bc5 Kf6 38. Bf2 Nd6 39. Bd4+ 1/2-1/2

[Event "CAN-op"]
[Site "Edmonton CAN"]
[Date "2009.07.18"]
[Round "8.10"]
[White "MacKay, Ian"]
[Black "Gerzhoy, Leonid"]
[Result "1/2-1/2"]
[WhiteElo "2328"]
[BlackElo "2530"]
[PlyCount "111"]
[GameId "2160767910156253"]
[EventDate "2009.07.11"]
[EventType "swiss"]
[EventRounds "9"]
[EventCountry "CAN"]
[SourceTitle "EXT 2022"]
[Source "ChessBase"]
[SourceDate "2021.10.06"]
[SourceVersion "1"]
[SourceVersionDate "2021.10.06"]
[SourceQuality "1"]

1. d4 d5 2. Bg5 Nd7 3. c4 dxc4 4. e4 Nb6 5. Nf3 Nf6 6. Nc3 g6 7. h3 Bg7 8. Qd2 h6 9. Bf4 c6 10. a4 a5 11. Be2 Be6 12. O-O g5 13. Bh2 O-O 14. Rad1 Nfd7 15. g4 f6 16. Qe3 Bf7 17. h4 Qc8 18. hxg5 fxg5 19. Bg3 Be6 20. Nh2 Bf7 21. Kg2 c5 22. Nf3 cxd4 23. Nxd4 Qc5 24. Rh1 Bxd4 25. Rxd4 e5 26. Rd2 Qxe3 27. fxe3 Kg7 28. Rd6 Bg6 29. Rhd1 Rf7 30. Re6 Rf6 31. Bxc4 Nxc4 32. Rxd7+ Rf7 33. Ree7 Raf8 34. Rxb7 Nxe3+ 35. Kh3 Rxe7 36. Rxe7+ Rf7 37. Bxe5+ Kh7 38. Rxf7+ Bxf7 39. Bc7 Nc4 40. b3 Nd2 41. Bxa5 Bxb3 42. Bc7 Nxe4 43. Nxe4 Bxa4 44. Ng3 Kg6 45. Nh5 Bd1 46. Be5 Be2 47. Bg7 Bd1 48. Bf8 Be2 49. Ng3 Bd1 50. Ne4 h5 51. gxh5+ Bxh5 52. Be7 Bd1 53. Nxg5 Kf5 54. Kg3 Bh5 55. Nh3 Be8 56. Nf4 1/2-1/2

[Event "CAN-op"]
[Site "Edmonton CAN"]
[Date "2009.07.18"]
[Round "8.13"]
[White "Li, Zhichao"]
[Black "Yoos, John"]
[Result "0-1"]
[WhiteElo "2264"]
[BlackElo "2442"]
[PlyCount "112"]
[GameId "2160767910156255"]
[EventDate "2009.07.11"]
[EventType "swiss"]
[EventRounds "9"]
[EventCountry "CAN"]
[SourceTitle "hb 2009.08"]

1. d4 Nf6 2. c4 g6 3. Nc3 Bg7 4. e4 d6 5. Nf3 O-O 6. Be2 e5 7. O-O Nc6 8. d5 Ne7 9. b4 Ne8 10. c5 f5 11. Ng5 h6 12. Ne6 Bxe6 13. dxe6 fxe4 14. Bc4 Nf6 15. Nd5 Nfxd5 16. Bxd5 c6 17. Bxe4 d5 18. Bc2 Qc8 19. Rb1 a6 20. a4 Qxe6 21. Qd3 Nf5 22. Bb2 e4 23. Qb3 Bxb2 24. Rxb2 Nd4 25. Qe3 Qe5 26. Ra2 Rf5 27. Bd1 Kg7 28. Rd2 Ne6 29. Bg4 Rf6 30. Bxe6 Rxe6 31. Re1 Qf6 32. Rd4 Re5 33. Rd2 Rf5 34. Rd4 Rf8 35. Re2 Qh4 36. b5 axb5 37. axb5 Rh5 38. Qg3 Qf6 39. Rd1 Rg5 40. Qe3 Rf5 41. bxc6 bxc6 42. Rb1 Rf7 43. h3 d4 44. Qxe4 Rxc5 45. Rd2 Rd5 46. Rb6 Rd6 47. Rb8 Re7 48. Qg4 Rdd7 49. Rb6 Re1+ 50. Kh2 Qd6+ 51. f4 Rf1 52. g3 Qd5 53. Rg2 d3 54. Rbb2 d2 55. f5 Rh1+ 56. Kxh1 d1=Q+ 0-1

[Event "CAN-op"]
[Site "Edmonton CAN"]
[Date "2009.07.18"]
[Round "8.14"]
[White "Moloney, Nicholas"]
[Black "Piasetski, Leon"]
[Result "0-1"]
[WhiteElo "2230"]
[BlackElo "2406"]
[PlyCount "48"]
[GameId "2160767910156256"]
[EventDate "2009.07.11"]
[EventType "swiss"]
[EventRounds "9"]
[EventCountry "CAN"]
[SourceTitle "hb 2009.08"]

1. d4 Nf6 2. Bg5 c5 3. d5 Ne4 4. Bh4 Qb6 5. Qc1 e6 6. dxe6 fxe6 7. c3 d5 8. Nd2 Nd6 9. Ngf3 Nc6 10. Qc2 Bd7 11. Rb1 Nf5 12. Bg3 O-O-O 13. e4 Nxg3 14. hxg3 c4 15. Be2 Bc5 16. O-O Qc7 17. b3 Ne5 18. Nd4 h5 19. bxc4 h4 20. g4 dxc4 21. Nxc4 Ng6 22. Nb3 h3 23. Nxc5 hxg2 24. e5 Nf4 0-1

[Event "CAN-op"]
[Site "Edmonton CAN"]
[Date "2009.07.18"]
[Round "8.15"]
[White "Pechenkin, Vladimir"]
[Black "Kaptsan, Aron"]
[Result "1/2-1/2"]
[WhiteElo "2366"]
[BlackElo "2027"]
[PlyCount "181"]
[GameId "2160767910156257"]
[EventDate "2009.07.11"]
[EventType "swiss"]
[EventRounds "9"]
[EventCountry "CAN"]

1. f4 d5 2. Nf3 Nf6 3. e3 c6 4. Be2 Bg4 5. O-O Nbd7 6. b3 e6 7. c4 Bd6 8. Nc3 O-O 9. h3 Bxf3 10. Bxf3 Qc7 11. d4 Rfd8 12. c5 Bf8 13. Bd2 b6 14. b4 a5 15. a3 axb4 16. axb4 Rxa1 17. Qxa1 Qb7 18. Rb1 Ra8 19. Qb2 b5 20. Ra1 Ra6 21. g4 Be7 22. Be1 Ne8 23. Ra2 Nb8 24. Qb1 Rxa2 25. Qxa2 Qa6 26. f5 Bd8 27. fxe6 fxe6 28. e4 Qxa2 29. Nxa2 Kf7 30. Bg3 Bc7 31. Bf2 Na6 32. exd5 exd5 33. Be3 h6 34. g5 hxg5 35. Bxg5 Nf6 36. Be3 Kg6 37. Kf2 Kf5 38. Ke2 g5 39. Bd2 Bf4 40. Be1 g4 41. hxg4+ Nxg4 42. Kd3 Nf6 43. Bg2 Kg4 44. Bf1 Bc7 45. Be2+ Kf5 46. Bh4 Bf4 47. Bf1 Bg5 48. Bh3+ Ng4 49. Bf2 Bf4 50. Ke2 Kg5 51. Kf3 Nh2+ 52. Ke2 Ng4 53. Kd3 Nf6 54. Bc8 Nb8 55. Nc3 Ne8 56. Ne2 Bc7 57. Ng1 Ng7 58. Nh3+ Kf6 59. Bh4+ Kf7 60. Ke3 Ne6 61. Ng5+ Nxg5 62. Bxg5 Ke8 63. Kf3 Kf7 64. Kg4 Kg6 65. Bh4 Bh2 66. Bd8 Kf7 67. Kf5 Bg3 68. Bg5 Bh2 69. Bb7 Bg3 70. Bf6 Bf2 71. Bc8 Bg3 72. Be6+ Ke8 73. Bg5 Bh2 74. Kf6 Bg1 75. Bf7+ Kd7 76. Ke5 Bh2+ 77. Kf5 Bg1 78. Be6+ Kc7 79. Bf4+ Kb7 80. Ke5 Na6 81. Bd2 Bh2+ 82. Kf6 Kc7 83. Ke7 Bg3 84. Ke8 Bh2 85. Bd7 Nb8 86. Bf5 Na6 87. Ke7 Bg3 88. Bg6 Bh2 89. Be8 Bg3 90. Ke6 Bh2 91. Ke7 1/2-1/2

[Event "CAN-op"]
[Site "Edmonton CAN"]
[Date "2009.07.18"]
[Round "8.16"]
[White "Hambleton, Aman"]
[Black "Barron, Michael"]
[Result "0-1"]
[WhiteElo "2226"]
[BlackElo "2357"]
[PlyCount "60"]
[GameId "2160767910156258"]
[EventDate "2009.07.11"]
[EventType "swiss"]
[EventRounds "9"]
[EventCountry "CAN"]

1. d4 f5 2. c4 Nf6 3. Nc3 d6 4. h4 e5 5. dxe5 dxe5 6. Qxd8+ Kxd8 7. Nf3 Nbd7 8. e4 f4 9. g3 fxg3 10. fxg3 Bb4 11. Bg5 h6 12. Bxf6+ gxf6 13. Rc1 Rg8 14. Kf2 c6 15. Bd3 Ke7 16. a3 Bc5+ 17. Kg2 a5 18. h5 Be3 19. Rce1 Bf4 20. Ne2 Nc5 21. Bc2 Be6 22. Kf2 Bg5 23. b3 Bg4 24. Rd1 Rad8 25. Nc3 Rxd1 26. Bxd1 Rd8 27. Nh4 Rd2+ 28. Kf1 Bxd1 29. Nf5+ Ke6 30. Ke1 Nd3+ 0-1

[Event "CAN-op"]
[Site "Edmonton CAN"]
[Date "2009.07.18"]
[Round "8.17"]
[White "Reeve, Jeff"]
[Black "Sequillion, Aaron"]
[Result "1-0"]
[WhiteElo "2314"]
[BlackElo "2108"]
[PlyCount "33"]
[GameId "2160767910156259"]
[EventDate "2009.07.11"]
[EventType "swiss"]
[EventRounds "9"]
[EventCountry "CAN"]
[SourceTitle "hb 2009.08"]

1. e4 c5 2. Nf3 d6 3. Bb5+ Bd7 4. Bxd7+ Qxd7 5. O-O Nf6 6. e5 dxe5 7. Nxe5 Qc7 8. d4 e6 9. Bf4 Bd6 10. Na3 Bxe5 11. dxe5 Nd5 12. Nb5 Qc6 13. Nd6+ Ke7 14. Qh5 Rf8 15. Bg5+ f6 16. c4 Nc7 17. Rad1 1-0

[Event "CAN-op"]
[Site "Edmonton CAN"]
[Date "2009.07.18"]
[Round "8.18"]
[White "Me, Kevin"]
[Black "Martchenko, Alexander"]
[Result "0-1"]
[WhiteElo "2124"]
[BlackElo "2314"]
[PlyCount "68"]
[GameId "2160767910156260"]
[EventDate "2009.07.11"]
[EventType "swiss"]
[EventRounds "9"]
[EventCountry "CAN"]

1. e4 e5 2. Nf3 Nc6 3. Bb5 Nge7 4. O-O a6 5. Ba4 Ng6 6. d4 exd4 7. Nxd4 Bc5 8. Be3 Bxd4 9. Bxd4 Nxd4 10. Qxd4 O-O 11. f4 d6 12. Nd2 c5 13. Qd5 Ne7 14. Qg5 b5 15. Bb3 c4 16. Nxc4 bxc4 17. Bxc4 Bb7 18. Rae1 Nc6 19. Qg4 Qa5 20. b3 Nd4 21. f5 Kh8 22. Re3 Qe5 23. c3 Nb5 24. Rff3 Qf6 25. Rh3 Rae8 26. Qh5 h6 27. g4 Rxe4 28. g5 Qxf5 29. Bd3 Rg4+ 30. Rhg3 Rxg3+ 31. Rxg3 Qc5+ 32. Kf1 Qxc3 33. Qg4 Qa1+ 34. Ke2 Re8+ 0-1